000 00767nam a2200181Ia 4500
008 090124s9999 xx 000 0 und d
082 _b9072
100 _aभागवत राजाराम रामकृष्ण
245 _a प्राकृत भाषेची विचिकित्सा
250 _a2
260 _bरामचंद्र भास्कर भागवत
300 _a98
600 _aभागवत राजाराम रामकृष्ण
630 _a प्राकृत भाषेची विचिकित्सा
700 _aभागवत राजाराम रामकृष्ण
730 _a प्राकृत भाषेची विचिकित्सा
942 _cBOOK
999 _c99834
_d99834